000 00326nam a22001457a 4500
008 221007b ||||| |||| 00| 0 eng d
020 _a083595305
041 _aeng
080 _2FIFTH EDITION
_a616.2
082 _a616.2
100 _a11.2
101 _aKARDI
245 _aBASIC ARRHYTHMIAS
_cWALRAVEN G
942 _2udc
_cBK
999 _c58412
_d58412